000 01872nam a2200445 i 4500
001 29109
003 KOSZ 005
005 20210507143043.0
008 961010s1989 pl a f |000 0 eng d
040 _cKOSZ 005
_aKOSZ 005
_dKOSZ 005/HR
041 _apol
046 _k1989
080 _a528
080 _a550.8
080 _a520/524
100 1 _aŚledziński, Janusz
_d(1931-2021)
_eAutor
245 1 0 _aResearch activities of the Institute of Higher Geodesy and Geodetical Astronomy /
_cJanusz Śledziński. Variations of the plumb-line direction obtained from astronomical and gravimetric observations / Marcin Barlik, Jerzy B. Rogowski ; Politechnika Warszawska.
260 _aWarszawa :
_bWydawnictwa Politechniki Warszawskiej,
_c1989.
300 _a101 stron :
_bilustracje ;
_c24 cm.
380 _aKsiążki
380 _aPublikacje naukowe
388 _a1901-2000
388 _a1989-2000
490 1 _aPrace Naukowe - Politechnika Warszawska. Geodezja,
_x0137-2327 ;
_vz.33
500 _aOpis według okładki.
504 _aBibliografia strona 99
546 _aStreszczenie w języku polskim irosyjskim.
650 7 _aGrawimetria
650 7 _aGeodezja
650 7 _aAstronomia
658 _aGeografia i nauki o Ziemi
658 _aFizyka i astronomia
700 1 _aBarlik, Marcin
_d(1944- )
_eAutor
700 1 _aRogowski, Jerzy Bolesław
_d(1942- )
_eAutor
700 1 2 _aBarlik, Marcin
_d(1944- )
_tVariations of the plumb-line direction obtained from astronomical and gravimetric observations
710 _aOficyna Wydawnicza Politechniki Warszawskiej
_4pbl
830 0 _aPrace Naukowe - Politechnika Warszawska.
_pGeodezja
_vz. 33
856 _uhttp://koha.tu.koszalin.pl/cgi-bin/koha/opac-detail.pl?biblionumber=29109
_yKatalog online BPK
942 _cKS
_2UKD
999 _c29109
_d29109